| 000 | 01049cam a22002892 4500 | ||
|---|---|---|---|
| 001 | 0000003068 | ||
| 005 | 20151217145732.0 | ||
| 008 | 070426s xx 000 0 eng d | ||
| 020 | _a0030311470 : | ||
| 040 |
_aKABU _cKABU |
||
| 050 | 0 |
_aHG6024 _b.A3C43 2001 |
|
| 100 | 1 |
_aChance, Don M. _@0000152683 |
|
| 245 | 1 | 3 |
_aAn Introduction to derivatives and risk management / _cDon M. Chance. |
| 250 | _a5th ed. | ||
| 260 |
_aFort Worth, TX : _bHarcourt College Publishers, _cc2001. |
||
| 300 |
_axxvi, 822 p. : _bill. ; _c24 cm + _e1 computer optical disc (4 3/4 in.) |
||
| 440 | 4 |
_aThe Harcourt series in finance _@0000152684 |
|
| 500 | _aRev. ed. of: An introduction to derivatives. 4th ed. c1998. | ||
| 504 | _aIncludes bibliographical references and index. | ||
| 650 | 0 |
_aDerivative securities. _@0000152685 |
|
| 650 | 0 |
_aRisk management. _@0000150875 |
|
| 650 | 0 |
_aOptions (Finance) _@0000152668 |
|
| 650 | 0 |
_aFutures market. _@0000152686 |
|
| 908 | _a070426 | ||
| 950 | _@1 | ||
| 999 |
_c2069 _d2069 |
||